Activated carbon adsorption for waste water management (Record no. 38170)

MARC details
000 -LEADER
fixed length control field 00290nam a2200109Ia 4500
082 ## - DEWEY DECIMAL CLASSIFICATION NUMBER
Classification number 628.34
Item number PER
100 ## - MAIN ENTRY--AUTHOR NAME
Personal name Perrich, J R
245 #0 - TITLE STATEMENT
Title Activated carbon adsorption for waste water management
260 ## - PUBLICATION, DISTRIBUTION, ETC. (IMPRINT)
Place of publication Florida
Name of publisher CRC
Year of publication 1981
942 ## - ADDED ENTRY ELEMENTS (KOHA)
Koha item type Books
Holdings
Withdrawn status Lost status Damaged status Not for loan Home library Current library Date acquired Cost, normal purchase price Full call number Accession Number Koha item type
        RRII Library RRII Library 16/12/2021 90.00 628.34 PER 18533 Books